Plantilla F.C. Barcelona 2024/2025 - Estadísticas

Estadísticas generales
  • Esta prueba ha sido intentada 497 veces
  • La puntuación promedio es 21 de 25
Estadísticas de respuestas
Jugador % Correcto
Pedri
99%
Lamine Yamal
98%
Gavi
97%
Ter Stegen
96%
Pau Cubarsí
94%
Robert Lewandowski
93%
Raphinha
92%
Ronald Araujo
92%
Alejandro Balde
91%
Ferran Torres
91%
Jules Koundé
91%
Iñigo Martínez
87%
Frenkie de Jong
86%
Dani Olmo
85%
Iñaki Peña
84%
Gerard Martín
82%
Eric García
77%
Fermín López
76%
Marc Casadó
76%
Héctor Fort
73%
Christensen
72%
Ansu Fati
71%
Szczesny
70%
Pau Víctor
67%
Pablo Torre
65%
No se encontraron pruebas coincidentes
Distribución de puntuación
Porcentaje de gente con cada puntuación
Porcentaje por número respondido
Historial de tus puntuaciones
No has intentado esta prueba.